Szczegóły MARC21

Głosy czasu : Teatr Kana - 25 lat /

003 -Nazwa inst., której nr kontr. jest w polu 001 [,]
    • @
    • Nazwa instytucji, której n kontrolny jest w polu 001
    • NUKAT
005 -DATA I CZAS OSTATNIEJ MODYFIKACJI [,]
    • @
    • pole kontrolne
    • 20241231115021.0
020 -Międzynarod. znormalizowany nr książki - ISBN [ , ]
    • a
    • Numer ISBN
    • 8390970317 Find
040 -Instytucja sporządzająca opis [ , ]
    • a
    • Instytucja, która sporządziła opis (NP)
    • SZCZ M/AB
    • c
    • Instytucja, która sporządziła rekord (NP)
    • SZCZ M/AB
    • d
    • Instytucja, która zmodyfikowała rekord (P)
    • WR U/Dzs
942 -Rodzaj dokumentu [ , ]
    • c
    • Rodzaj dokumentu
    • Książka
245 -Strefa tytułu i oznaczenia odpowiedzialności [0,0]
    • a
    • Tytuł
    • Głosy czasu : Find
    • b
    • Ciąg dalszy tytułu (NP)
    • Teatr Kana - 25 lat / Find
    • c
    • Pozostałe elementy strefy tytułu i oznaczenia odpowiedzialności (NP)
    • pod red. Marty Poniatowskiej, Radosława Jaguckiego, Małgorzaty Mostek ; [oprac. graf. Grażyna Szymkowiak ; Stowarzyszenie Teatr Kana Uniwersytet Szczeciński].
260 -Strefa adresu wydawniczego [ , ]
    • a
    • Miejsce wydania (P)
    • Szczecin :
    • b
    • Nazwa wydawcy (P)
    • Wydawnictwo Studio 69,
    • c
    • Data wydania (P)
    • 2005.
300 -Strefa opisu fizycznego [ , ]
    • a
    • Określenie formy książki i/lub objętość (NP)
    • 280 s. :
    • b
    • Oznaczenie ilustracji (NP)
    • il. ;
    • c
    • Format (NP)
    • 30 cm.
336 -Typ zawartości [ , ]
    • a
    • Termin opisujący typ zawartości
    • Tekst
    • b
    • Kod określający zawartość
    • txt
    • 2
    • Źródło (terminu i kodu)
    • rdacontent
337 -Typ mediów [ , ]
    • a
    • Tryb odtwarzania
    • Bez urządzenia pośredniczącego
    • b
    • Kod typu mediów
    • n
    • 2
    • Źródło (terminu i kodu)
    • rdamedia
338 -Typ/rodzaj nośnika [ , ]
    • a
    • Hasło opisujące typ nośnika
    • Wolumin
    • b
    • Kod typu nośnika
    • nc
    • 2
    • Źródło (terminu i kodu)
    • rdacarrier
536 -Uwaga dot. finansowania książki [ , ]
    • a
    • Tekst uwagi
    • Publikację wydano ze środków finansowych Miasta Szczecina oraz dzięki pomocy Urzędu Marszałkowskiego Województwa Zachodniopomorskiego, Uniwersytetu Szczecińskiego oraz Ministerstwa Kultury i Dziedzictwa Narodowego w ramach Programu Operacyjnego "Promocja Czytelnictwa".
080 -Uniwersalna Klasyfikacja Dziesiętna [ , ]
    • 2
    • Identyfikator wydania tablic
    • UDC-P058
    • a
    • Symbol klasyfikacji
    • 792
    • b
    • Dopowiedzenie
    • Teatr.
    • x
    • Poddział wspólny
    • (438)
    • b
    • Dopowiedzenie
    • (Polska).
    • x
    • Poddział wspólny
    • "1980/..."
    • x
    • Poddział wspólny
    • (047.53)
    • b
    • Dopowiedzenie
    • (Wywiady)
610 -Hasło przedmiotowe w formie nazwy ciała zbiorowego [2,7]
    • a
    • Nazwa ciała zbiorowego lub nazwa geograficzna
    • Teatr Kana (Szczecin)
    • x
    • Określnik ogólny
    • historia.
    • 2
    • Źródło terminu
    • kaba
    • 9
    • KHW
    • 573686
980 -Symbol UKD [ , ]
    • a
    • UKD
    • 792(438)"1980/..."(047.53)
700 -Hasło dodatkowe - nazwa osobowa [1, ]
    • a
    • Nazwa osobowa (NP)
    • Poniatowska, Marta. Find
    • e
    • Określenie rodzaju współpracy
    • Red.
    • 9
    • KHW
    • 573360
700 -Hasło dodatkowe - nazwa osobowa [1, ]
    • a
    • Nazwa osobowa (NP)
    • Jagucki, Radosław. Find
    • e
    • Określenie rodzaju współpracy
    • Red.
    • 9
    • KHW
    • 573361
700 -Hasło dodatkowe - nazwa osobowa [1, ]
    • a
    • Nazwa osobowa (NP)
    • Mostek, Małgorzata. Find
    • e
    • Określenie rodzaju współpracy
    • Red.
    • 9
    • KHW
    • 573362
700 -Hasło dodatkowe - nazwa osobowa [1, ]
    • a
    • Nazwa osobowa (NP)
    • Szymkowiak, Grażyna. Find
    • e
    • Określenie rodzaju współpracy
    • Oprac.
    • 9
    • KHW
    • 573363
710 -Hasło dodatkowe - nazwa ciała zbiorowego [2, ]
    • a
    • Nazwa ciała zbiorowego lub nazwa geograficzna jako pierwszy element (NP)
    • Stowarzyszenie Teatr Kana (Szczecin).
    • 9
    • KHW
    • 573364
920 -ISBN [ , ]
    • a
    • ISBN
    • 83-909703-1-7 Find
Sygnatura Status udost. Numer inwentarzowy Data inwentaryzacji Lokalizacja
 1Z.1075432007-01-24BG
POL. Teatr - Polska 041P.204362007-01-24BM